|
|
|
|
| LEADER |
00000nam0a2200000 4500 |
| 001 |
296846 |
| 005 |
20231102000940.0 |
| 035 |
|
|
|a (RuTPU)RU\TPU\book\321954
|
| 035 |
|
|
|a RU\TPU\book\309869
|
| 090 |
|
|
|a 296846
|
| 100 |
|
|
|a 20150226d1958 k y0rusy50 ca
|
| 101 |
0 |
|
|a rus
|
| 102 |
|
|
|a RU
|
| 105 |
|
|
|a a z 001zy
|
| 200 |
1 |
|
|a Труды Пятой сессии Комиссии по определению абсолютного возраста геологических формаций
|e 19-23 мая, 1956 г., Тбилиси
|f Академия наук СССР (АН СССР), Отделение геолого-географических наук ; отв. ред. И. Е. Старик
|
| 210 |
|
|
|a Москва
|c Изд-во АН СССР
|d 1958
|
| 215 |
|
|
|a 370 с.
|c ил.
|
| 320 |
|
|
|a Библиогр. в конце докладов.
|
| 488 |
|
1 |
|0 (RuTPU)RU\TPU\book\361450
|t Количественное определение урана методом осциллографической полярографии
|o [оттиск]
|f Я. П. Гохштейн, В. В. Жирова
|c Москва
|n Изд-во АН СССР
|d 1958
|p 5 с.
|a Гохштейн, Я. П.
|
| 606 |
1 |
|
|a Геологические формации
|x Возраст
|2 stltpush
|3 (RuTPU)RU\TPU\subj\6080
|9 34040
|
| 610 |
1 |
|
|a магматические породы
|
| 610 |
1 |
|
|a докембрий
|
| 610 |
1 |
|
|a Украина
|
| 610 |
1 |
|
|a Кавказ
|
| 610 |
1 |
|
|a горные породы
|
| 610 |
1 |
|
|a радиоактивные методы
|
| 610 |
1 |
|
|a свинцовые месторождения
|
| 610 |
1 |
|
|a выщелачивание
|
| 610 |
1 |
|
|a фотометрия
|
| 610 |
1 |
|
|a осциллографическая полярография
|
| 675 |
|
|
|a 550.93
|v 3
|
| 702 |
|
1 |
|a Старик
|b И. Е.
|g Иосиф Евсеевич
|4 340
|
| 712 |
0 |
2 |
|a Академия наук СССР (АН СССР)
|b Отделение геолого-географических наук
|2 stltpush
|3 (RuTPU)RU\TPU\col\722
|
| 801 |
|
1 |
|a RU
|b 63413507
|c 20150603
|
| 801 |
|
2 |
|a RU
|b 63413507
|c 20171121
|g RCR
|
| 942 |
|
|
|c BK
|